000 00546nam a2200205Ia 4500
005 20250923145610.0
008 008 250917s9999 xx 000 0 eng d
037 _aTextual
040 _aDSWL
_beng
_cDSWL
041 _aeng
_2eng
084 _aYX;5:g, N82
_qDSWL
100 _aWalton, R.G.
_9837003
245 0 _aSocial work 2000
_c by R.G.Walton
260 _aLondon
_bLongman
_c1982
300 _aix,108 p.
365 _aINR
_b43.28
925 _g43.28
942 _cTEXL
_hYX;5:g, N82
999 _c1453306
_d1453306